| 000 -LEADER |
| fixed length control field |
01108nam a2200181 4500 |
| 020 ## - INTERNATIONAL STANDARD BOOK NUMBER |
| ISBN |
9781316630839 |
| 082 ## - DEWEY DECIMAL CLASSIFICATION NUMBER |
| Classification number |
303.484 |
| Item number |
St8239 2023 |
| 100 ## - MAIN ENTRY--AUTHOR NAME |
| Personal name |
Stekelenburg, Jacquelien van, author. |
| 245 ## - TITLE STATEMENT |
| Title |
A social psychology of protest : individuals in action / Jacquelien van Stekelenburg, Vrije Universiteit, Amsterdam, Bert Klandermans, Vrije Universiteit, Amsterdam. |
| 260 ## - PUBLICATION, DISTRIBUTION, ETC. (IMPRINT) |
| Place of publication |
New York, NY : |
| Name of publisher |
Cambridge University Press, |
| Year of publication |
2023. |
| 300 ## - PHYSICAL DESCRIPTION |
| Number of Pages |
1 online resource, xi, 278 pages : |
| Other physical details |
illustrations. |
| 500 ## - GENERAL NOTE |
| General note |
Includes bibliographical references and index. |
| 520 ## - SUMMARY, ETC. |
| Summary, etc |
"Over the last few decades, we have witnessed increasing incidents of collective action. Collective action is a matter of demand by citizens who are aggrieved, supply by protest organizations/individuals, and mobilization through effective communication networks. This volume elaborates on the processes and mechanisms responsible for these dynamics"-- Provided by publisher. |
| 650 ## - SUBJECT ADDED ENTRY--TOPICAL TERM |
| Topical Term |
Protest movements - Psychological aspects. |
| 650 ## - SUBJECT ADDED ENTRY--TOPICAL TERM |
| Topical Term |
Social psychology. |
| 700 ## - ADDED ENTRY--PERSONAL NAME |
| Personal name |
Klandermans, Bert, author. |
| 942 ## - ADDED ENTRY ELEMENTS (KOHA) |
| Koha item type |
Electronic Books |